000 00613nam a2200229Ia 4500
003 OSt
005 20220928120903.0
006 a|||||r|||| 00| 0
007 ta
008 220927b |||||||| |||| 00| 0 eng d
024 _a46356
037 _cTextual
040 _aSDCL
_cSDCL
_beng
041 _2eng
_aeng
082 _aV3'L<K, J5
100 _aOgg David
_9416453
245 0 _aEngland in the reigns of James ii and William iii
260 _aOxford
_bOxford University Press
_c1955
300 _axii,567p
_ccm.
942 _hV3'L<K, J5
_cTEXL
_2CC
999 _c765410
_d765410